Pays par premières lettres des pays frontaliers - Statistiques

Statistiques générales
  • Ce quiz a été pris 59 fois
  • Le résultat moyen est 13 sur 20
Statistiques - réponses
Hint Continent Réponse % Correct
J-I-K-Q-E-O-Y Asie Arabie Saoudite
76%
C-M Amérique Etats-Unis
76%
A-S-S-V-F-S Europe Italie
72%
H Amérique République Dominicaine
72%
D-P-T-A-S-F-L-B-P Europe Allemagne
70%
V-G-S-F-U-A-P-B-P-C Amérique Brésil
70%
B-L-A-S-I-M-E-A / B-S-P Europe France
70%
A Afrique Lesotho
70%
E-C-B-B-C Amérique Pérou
70%
U-R Europe Moldavie
68%
C-C-M-K-A-G-U-B-L-E-F-N / L-P Eurasie Russie
68%
C-C-L Asie Viet Nâm
68%
R-M-C-V-L-B-I-B-N-P-A-T-K-K Asie Chine
66%
Z-M-E-L-N-B Afrique Afrique du Sud
62%
S-G Afrique Guinée-Bissau
62%
C-N-B-B-B-P Asie Inde
62%
T-L-N-M-M-M Afrique Algérie
58%
E / D Amérique Canada
56%
K-O-A-I Asie Turkménistan
54%
I-S-L Afrique Egypte
42%
Aucun quiz correspondant
Distribution des résultats
% des personnes avec chaque résultat
Percentile par nombre de réponses
Votre historique - résultats
Vous n’avez pas pris ce quiz